Statistics for The Napoleonic Wars

Click here to take the quiz!

General Stats

  • This quiz has been taken 5,704 times
    (2,675 since last reset)
  • The average score is 16 of 25

Answer Stats

HintAnswer% Correct
The Little Corporal, Emperor of FranceNapoleon Bonaparte
98%
Belgian site of his final defeatWaterloo
91%
Number of coalitions against FranceSeven
89%
Territory that Napoleon sold to the US for $15 millionLouisiana
87%
Year he became emperor1804
84%
Places Napoleon was exiledElba
84%
St. Helena
82%
One-armed, heroic British admiralHoratio Nelson
81%
British general and duke who fought in Spain/BelgiumArthur Wellesley
80%
Where ^ defeated his fleet off SpainTrafalgar
77%
His two wivesJosephine de Beauharnais
75%
Stone found in Egypt by French troops in 1799Rosetta Stone
74%
His approximate height5'6'' / Appx. 169 cm
71%
Napoleon's greatest victory over a combined Austro-Russian armyAusterlitz
64%
Council where the map of Europe was redrawnCouncil of Vienna
56%
French king who succeeded NapoleonLouis XVIII
49%
French economic system created to exclude BritainContinental System
45%
"Battle of the Nations", over a million soldiers participatedLeipzig
44%
Collective name for the Spanish campaigns of 1807-1814Peninsular War
42%
Another name for Napoleon's 1815 return"Hundred Days"
40%
Napoleon's elite reserves divisionOld Guard
37%
This battle at Moscow's gates failed to destroy the Russian armyBorodino
35%
Bravest of the Brave, French marshal and cavalrymanMichel Ney
33%
Marie-Louise
30%
1800 battle that secured France's rule over ItalyMarengo
24%

Score Distribution

Percentile by Number Answered

Percent of People with Each Score

Your Score History

You have not taken this quiz since the last reset